| 000 | 01087nam a2200265Ia 4500 | ||
|---|---|---|---|
| 003 | OSt | ||
| 005 | 20221002050239.0 | ||
| 006 | a|||||r|||| 00| 0 | ||
| 007 | ta | ||
| 008 | 220930b |||||||| |||| 00| 0 hin d | ||
| 020 |
_a9788193983799 (hbk (Set)) _cINR 4000.00 |
||
| 024 | _a41567 | ||
| 037 |
_b304, 25/02/2019, Eastern Book Linkers _cReference Collections |
||
| 040 |
_aCRL _cCRL _bhin |
||
| 041 |
_2hin _ahin |
||
| 082 | _aO152,1M991x, Q9.1-.3(RR) | ||
| 100 | _aचतुर्वेदी, सुधांशु, संपा. | ||
| 245 | 0 | _aअनूप शर्मा रचनावली | |
| 260 |
_aनयी _bदिल्ली नेशनल पब्लिशिंग भारत भारत _c2019 |
||
| 490 | _vखण्ड 1 | ||
| 650 | _a हिन्दी साहित्य | ||
| 650 | _aहिन्दी कविता | ||
| 942 |
_hO152,1M991x, Q9.1-.3(RR) _cref _2CC |
||
| 999 |
_c914201 _d914201 |
||